02165nam a2200445 i 4500001000700000003000900007005001700016008004100033017001700074020001800091040001800109100004600127245009300173260003500266264001100301300005100312336004000363337002000403338002400423490005100447520035400498650003200852655002300884700003800907700003500945700004600980700003101026700004801057700004301105700004701148700004601195700004501241710006001286710005701346852011701403903002801520942001801548999001901566952013401585196135ES-MaACL20250904042307.0240209b2007 sp ||||| |||| 00| 0 spa d aM 25692-2007 a9788496832596 bspacES-MaACL1 aVerdi, Giuseppe, d1813-19019240500ecmt aAida /cVerdi ; libreto de Antonio Ghislanzoni y Camille du Locle b[Grabación sonora] aMadrid :bPrisa innova, c2007 a©2007 a2 discos (CD Audio) + e1 libro (60 páginas) 2rdacontentamúsica (interpretada) 2rdamediaaaudio 2rdacarrieravolumen1 aLos clásicos de la ópera, 400 años ;v26 aEstrenada en El Cairo en 1871, Aida mantiene para Massimo Mila "un equilibrio milagroso entre las aparentemente irreconciliables exigencias características de dos modos diversos de arte", combinando admirablemente la monumentalidad y el intimismo, lo antiguo y lo moderno. En ella Verdi creó para siempre una fascinante imagen musical de Egipto. 79137584aÓperas-vLibretos 7aLibretos292422191 aGhislanzoni, Antonioelbt92406471 9137929aLocle, Camille duelbt1 9238311aTebaldi, Renata, d1922-2004eprf1 aStignani, Ebeeprf92406481 9238312aDel Monaco, Mario, d1915-1982eprf1 9238313aProtti, Aldo, d1920-1995eprf1 9237874aCorena, Fernando, d1916-1984eprf1 9238317aDe Palma, Piero, d1925-2013eprf1 9238318aErede, Alberto, d1908-2001emsd2 9238319aAccademia Nazionale di Santa CeciliabOrchestra2 9238320aAccademia Nazionale di Santa Cecilia- bCoro aES-MaACLbR.155039cDEPOJjN-9821hDonación: Miren FernándezxEncuadernación cartonépVolumen 269205722 aFernández, Mirenednr cMONOGRAFIAn0 c196135d196135 00102udc4070aATENEOMbATENEOMcDEPOJd2025-05-22eDONACIONl0oN-9821p101230126r2025-05-22 00:00:00w2025-05-22yMONOGRAFIA